Derechos humanos comparados

সংরক্ষণ করুন:
গ্রন্থ-পঞ্জীর বিবরন
প্রধান লেখক: Claude, Richard
বিন্যাস: গ্রন্থ
ভাষা:Undetermined
প্রকাশিত: Montevideo, Uruguay Edisar 1979
বিষয়গুলি:
ট্যাগগুলো: ট্যাগ যুক্ত করুন
কোনো ট্যাগ নেই, প্রথমজন হিসাবে ট্যাগ করুন!

MARC

LEADER 00000nam a2200000Ia 4500
008 170316s9999 xx 000 0 und d
090 |a 100 C-28d 
100 |a Claude, Richard 
245 |a Derechos humanos comparados 
260 |a Montevideo, Uruguay 
260 |b Edisar 
260 |c 1979 
300 |a 334 páginas 
650 |a FILOSOFÍA 
999 |c 15897  |d 15897 
040 |a cru BVZT 
942 |c 15 D  |h 100 C-28d  |2 z